000 00555nam a22001697a 4500
003 OSt
005 20240930174021.0
008 240930b |||||||| |||| 00| 0 eng d
040 _c0
082 _aDPer 050 R22 2000 June -December 2023 v123 no. 7124-728
100 _aGodley, Diane .
_eauthor.
_961855
245 _aTravel :
_bhearth & seoul /
_cDiane Godley.
260 _aTaipei ;
_bReader's Digest Asia,
_cDecember-January 2023.
300 _aVolume 123, pages 86-90 ,
_billustration.
700 _aGodley, Diane.
_eauthor.
_961755
942 _2ddc
_cPER
999 _c22035
_d22035